000 00688cam a2200253 4500
001 B2949
008 090401t1990 xxu||||| |||| 00| 0 eng d
035 _a(Sirsi) u53110
041 _aeng
050 _a333.72
100 _aHenderson, G.
245 _aGreenhouse-gas emissions and buildings in the United Kingdom
260 _aGarston,Watford
_bBuilding Research Establishment
_c1990
300 _a(4)p. ; 30cm.
350 _a1.75
490 _aBRE Information Paper
_v2/90.
650 _aBlock management
_96220
650 _aCARBON DIOXIDE
650 _aENERGY EFFICIENCY
650 _aGREENHOUSE GASES
700 _aShorrock, L. D.
942 _n0
948 _c04/03/1997
999 _c93221
_d93221